000 00227nam a22000857a 4500
008 160912b xxu||||| |||| 00| 0 eng d
100 _9397
_aNath, P
245 _aLiving With Values - 8
260 _aNew Delhi
_bS.Chand publication
_c2007
999 _c3055
_d3055